Kết cấu và tính toán động cơ đốt trong. T.3 /
Chương 16: Hệ thống nhiên liệu của động cơ xăng đốt cháy cưỡng bức
Đã lưu trong:
| 主要作者: | |
|---|---|
| 其他作者: | , , |
| 格式: | 图书 |
| 语言: | Vietnamese |
| 出版: |
H. :
Giáo dục ,
1996
|
| 版: | Tái bản lần thứ 3 |
| 主题: | |
| 标签: |
添加标签
没有标签, 成为第一个标记此记录!
|
| Thư viện lưu trữ: | Thư viện Trường CĐ Kỹ Thuật Cao Thắng |
|---|
| LEADER | 01683nam a2200349 a 4500 | ||
|---|---|---|---|
| 001 | TVCDKTCT18 | ||
| 003 | Thư viện trường Cao đẳng Kỹ thuật Cao Thắng | ||
| 005 | 20170529134337.1 | ||
| 008 | 050728 | ||
| 980 | \ | \ | |a Thư viện Trường CĐ Kỹ Thuật Cao Thắng |
| 024 | |a RG_1 #1 eb0 i1 | ||
| 041 | 0 | # | |a vie |
| 082 | # | # | |a 621.4 / |b H450CH-K |
| 100 | 1 | # | |a Hồ Tấn Chuẩn |
| 245 | 0 | 0 | |a Kết cấu và tính toán động cơ đốt trong. T.3 / |c Hồ Tấn Chuẩn, ...[et al.] |
| 250 | # | # | |a Tái bản lần thứ 3 |
| 260 | # | # | |a H. : |b Giáo dục , |c 1996 |
| 300 | # | # | |a 305tr. ; |c 24 cm |
| 520 | # | # | |a Chương 16: Hệ thống nhiên liệu của động cơ xăng đốt cháy cưỡng bức |
| 520 | # | # | |a Chương 17: Hệ thống nhiên liệu của động cơ Diezen |
| 520 | # | # | |a Chương 18: Hệ thống điều chỉnh tự động tốc độ động cơ |
| 520 | # | # | |a Chương 19: Hệ thống bôi trơn |
| 520 | # | # | |a Chương 20: Hệ thống làm mát |
| 520 | # | # | |a Chương 21: Hệ thống khởi động và cơ cấu đảo chiều quay của động cơ |
| 520 | # | # | |a Tài liệu bao gồm các nội dung sau : |
| 650 | # | 4 | |a Động cơ đốt trong |
| 700 | 0 | # | |a Nguyễn Đức Phú, |e Tác giả |
| 700 | 0 | # | |a Nguyễn Tất Tiến |
| 700 | 0 | # | |a Trần Văn Tế |
| 721 | # | # | |a CNKT Cơ khí |
| 721 | # | # | |a CNKT Nhiệt lạnh |
| 841 | # | # | |b Kho Sách |j 100000027, 100000028, 100000029, 100000032, 100000033, 100000034, 100000035, 100000036, 100000037, 100000453 |